000 01320nam0a22002531 4500
001 rc\2887828
005 20110725102123.9
035 _a(NLR Aleph) 007040272
090 _a6090516
_c6090516
100 _a20110725d1929 |||y0rusy50 ca
101 0 _arus
102 _aRU
105 _aa z |||||
200 1 _aНачальная школа в системе народного образования Германии, Австрии, Франции, Италии, Швейцарии, Англии, С.А.С.Ш.
_e[Сборник статей]
_fСоставили: П.И. Каган, М. Штейнгауз, Н.И. Кулишер ... [и др.]
_gПод ред. М.С. Эпштейна
210 _aМосква
_aЛенинград
_cНаркомпрос РСФСР-Главсоцвос
_cГос. изд-во
_d1929
_eМосква
_g3-я тип. Транспечати
215 _a142, [2] с.
_cграф., схем.
_d24×16 см
320 _aБиблиогр.: указания литературы в конце отдельных статей
702 1 _aЭпштейн
_bМ. С.
_gМоисей Соломонович
_4340
702 1 _aКаган
_bП. И.
_f1880-
_gПавел Исаакович
_4220
801 0 _aRU
_bNLR
_gpsbo
801 1 _aRU
_bELAR
_2rusmarc
852 _aNLR
_j64/304
942 _cBOOK
980 _aNB